| 000 | 00368 a2200157 4500 | ||
|---|---|---|---|
| 001 | 72312 | ||
| 020 | _a | ||
| 040 | _cAnchieta - Colégio São Paulo | ||
| 100 | _aWilliams, Tennessee | ||
| 240 | 1 | 0 |
_aUm bonde chamado desejo _lpor |
| 245 | 1 | 0 | _aUm bonde chamado desejo |
| 300 | _a209 | ||
| 362 | 0 | _a1976 | |
| 650 | 4 | _aDrama norte-americano em inglês | |
| 942 | _cBK | ||
| 999 |
_c72312 _d72312 |
||